01112nas a2200277Ia 4500001001200000003001000012008004100022040002500063041001300088100001800101210006500119222006500184245004300249250001100292260000900303501012300312300001300435362001700448500013200465650002600597700001100623942000700634957000600641999003300647952015400680dd25-35419 IT-MiCISF161014c99999999xx |||||||||||| ||und|| aIT-MiCISFcIT-MiCISF aITALIANO aSoldera Gino  aIl giornale italiano di psicologia e di educazione prenatale aIl giornale italiano di psicologia e di educazione prenatale 0aLa psicologia e l'educazione prenatale a1a ed. c2001 bCISF - Centro Internazionale Studi Famiglia - Via Giotto, 36 20145 MILANO (non commercial uses only)cCopyright 2016 app. 5-79 a n. 1 [2001] aRighetti P.L., Verny T., Bellini S., Pera S., Ragazzi G., Janus L. Tema: periodo-perinatale, educazione, psicologia, gravidanza aPROCREAZIONEvrivista aAA.VV. cCR 71 a35419bSig1c218554d218554 0010406DD_253541971aCISFbCISFd2016-10-14l0odd25-35419 r2016-10-14 00:00:00w2016-10-14yCRzData import 15.10.2016 / by Epidotti, Vaglietti